UM Logo

Antas ng Pagbasa May Pang-Unawa Sa Parabula ng mga Mag-aaral sa Ikasampung Taon Sa Sekondarya ng Barangay Banate Malungon, Sarnngani Province Taon 2016-2017. (Record no. 6373)

MARC details
000 -LEADER
fixed length control field 00676nam a22001577a 4500
008 - FIXED-LENGTH DATA ELEMENTS--GENERAL INFORMATION
fixed length control field 170309b xxu||||| |||| 00| 0 eng d
082 ## - DEWEY DECIMAL CLASSIFICATION NUMBER
Edition number 2016
Classification number UT 0710
Item number F39
100 ## - MAIN ENTRY--PERSONAL NAME
9 (RLIN) 19186
Personal name Fernandez, Joyce Marie A.
245 ## - TITLE STATEMENT
Title Antas ng Pagbasa May Pang-Unawa Sa Parabula ng mga Mag-aaral sa Ikasampung Taon Sa Sekondarya ng Barangay Banate Malungon, Sarnngani Province Taon 2016-2017.
Statement of responsibility, etc. Joyce Marie A. Fernandez, Anarez D. ong and arvi C. Tompong.
300 ## - PHYSICAL DESCRIPTION
Extent 47 pages;
Other physical details 28 cm.
650 #0 - SUBJECT ADDED ENTRY--TOPICAL TERM
9 (RLIN) 19187
Topical term or geographic name as entry element Education
Form subdivision Filipino
General subdivision Undegraduate Thesis.
700 ## - ADDED ENTRY--PERSONAL NAME
9 (RLIN) 19188
Personal name Fernandez, Joyce Marie A.
700 ## - ADDED ENTRY--PERSONAL NAME
9 (RLIN) 19189
Personal name Ong, Anarez D.
700 ## - ADDED ENTRY--PERSONAL NAME
9 (RLIN) 19190
Personal name Tompong, Arvi C.
942 ## - ADDED ENTRY ELEMENTS (KOHA)
Source of classification or shelving scheme Dewey Decimal Classification
Koha item type Undergraduate Thesis
Holdings
Withdrawn status Lost status Source of classification or shelving scheme Damaged status Not for loan Home library Current library Date acquired Total Checkouts Full call number Barcode Date last seen Price effective from Koha item type
    Dewey Decimal Classification     UM Digos College - LIC UM Digos College - LIC 11/07/2016   UT 0710 F39 2016 UT0710 03/09/2017 03/09/2017 Undergraduate Thesis